| 000 | 00633nam a2200217 a 4500 | ||
|---|---|---|---|
| 005 | 20220611063647.0 | ||
| 008 | 080222s2000 mx r 000 0 spa d | ||
| 020 | _a9686006966 | ||
| 035 | _aUPN01000154395 | ||
| 049 | _aLT | ||
| 050 | 4 |
_aLB1733 _bR6.5 2000 |
|
| 100 | 1 | _aRodríguez G., Beatriz | |
| 245 | 1 | 0 |
_aMi guía de escritura : _bde la mano. |
| 250 | _a6a ed. | ||
| 260 |
_aMéxico : _bAvante, _c2000. |
||
| 300 |
_a92 p. : _bil. |
||
| 440 | 0 |
_aAzul. _pLectura y escritura |
|
| 650 | 4 |
_aEscritura _xEstudio y enseñanza (Preescolar) _91523 |
|
| 650 | 4 |
_aLectura _xEstudio y enseñanza (Preescolar) _91526 |
|
| 905 | _aLibro | ||
| 999 |
_c126512 _d126512 |
||